|
|
|
|
| LEADER |
00000nam0a2200000 4500 |
| 001 |
102360 |
| 005 |
20231101214425.0 |
| 035 |
|
|
|a (RuTPU)RU\TPU\book\110377
|
| 090 |
|
|
|a 102360
|
| 100 |
|
|
|a 20060922d1978 k y0rusy50 ca
|
| 101 |
0 |
|
|a rus
|
| 102 |
|
|
|a UA
|
| 105 |
|
|
|a a z 001zy
|
| 200 |
1 |
|
|a Имитационные модели в экономике
|f А. А. Бакаев, Н. И. Костина, Н. В. Яровицкий
|g АН УССР; Институт кибернетики; под ред. Н. В. Яровицкого
|
| 210 |
|
|
|a Киев
|c Наукова думка
|d 1978
|
| 215 |
|
|
|a 304 с.
|c ил.
|
| 320 |
|
|
|a Библиогр.: с. 295-299
|
| 606 |
1 |
|
|a Экономические процессы
|x Имитационное моделирование
|x Компьютерная имитация
|2 stltpush
|3 (RuTPU)RU\TPU\subj\70027
|9 84590
|
| 610 |
1 |
|
|a экономика
|
| 610 |
1 |
|
|a математические модели
|
| 610 |
1 |
|
|a экономика производства
|
| 610 |
1 |
|
|a прикладные исследования
|
| 686 |
|
|
|a Ув6с51
|2 rubbk
|
| 700 |
|
1 |
|a Бакаев
|b А. А.
|g Александр Александрович
|
| 701 |
|
1 |
|a Костина
|b Н. И.
|g Нина Ивановна
|
| 701 |
|
1 |
|a Яровицкий
|b Н. В.
|g Николай Владимирович
|
| 702 |
|
1 |
|a Яровицкий
|b Н. В.
|g Николай Владимирович
|4 340
|
| 712 |
0 |
2 |
|a Академия наук Украинской ССР
|b Институт кибернетики (АН УССР ИК)
|2 stltpush
|3 (RuTPU)RU\TPU\col\11437
|
| 801 |
|
1 |
|a RU
|b 63413507
|c 20060922
|g PSBO
|
| 801 |
|
2 |
|a RU
|b 63413507
|c 20230323
|g PSBO
|
| 942 |
|
|
|c BK
|